Training report 1993

Bewaard in:
Bibliografische gegevens
Hoofdauteur: AVRDC
Formaat: Boek
Taal:Undetermined
Gepubliceerd in: Taiwan AVRDC 1993
Onderwerpen:
Tags: Voeg label toe
Geen labels, Wees de eerste die dit record labelt!
Thư viện lưu trữ: Trung tâm Học liệu Trường Đại học Cần Thơ
LEADER 00434nam a2200181Ia 4500
001 CTU_13370
008 210402s9999 xx 000 0 und d
082 |a 635.072 
082 |b T768 
100 |a AVRDC 
245 0 |a Training report 1993 
245 0 |c AVRDC 
260 |a Taiwan 
260 |b AVRDC 
260 |c 1993 
650 |a horticulture 
904 |i Minh, 961127 
980 |a Trung tâm Học liệu Trường Đại học Cần Thơ